[Event "MNT CupT"]
[Site "Cetinje"]
[Date "2023.07.10"]
[Round "3.3"]
[White "Pobor, Danilo"]
[Black "Bubanja, Masan"]
[Result "1-0"]
[WhiteElo "2026"]
[BlackElo "1894"]
[PlyCount "133"]
[EventDate "2023.07.09"]
[EventType "team-swiss"]
[EventRounds "5"]
[EventCountry "MNE"]
[SourceTitle "CBM 215 Extra"]
[Source "ChessBase"]
[SourceDate "2023.09.30"]
[SourceVersion "1"]
[SourceVersionDate "2023.09.30"]
[SourceQuality "1"]
[WhiteTeam "Crnogorac II"]
[BlackTeam "Herceg Novi"]
[WhiteTeamCountry "MNE"]
[BlackTeamCountry "MNE"]

1. d4 d5 2. Nf3 e6 3. Bf4 Bd6 4. Bg3 Nf6 5. e3 c6 6. Bd3 Qc7 7. Ne5 Nbd7 8. f4 h5 9. Bh4 c5 10. c3 cxd4 11. exd4 Ne4 12. Nd2 f5 13. Nxe4 dxe4 14. Be2 Nxe5 15. fxe5 Be7 16. Bxh5+ Kf8 17. Bg3 g5 18. 0-0 Kg7 19. Kh1 Bd7 20. d5 Qa5 21. c4 Raf8 22. a3 Qa6 23. Be2 Qb6 24. Qc1 f4 25. Bf2 Bc5 26. Bxc5 Qxc5 27. Bg4 Rh4 28. Qd1 Rfh8 29. h3 Qe3 30. Qe2 Qxe2 31. Bxe2 exd5 32. cxd5 Bxh3 33. gxh3 Rxh3+ 34. Kg1 Re3 35. Rf2 f3 36. Bf1 g4 37. Rh2 Re8 38. Kf2 Rb3 39. Kg3 Rxe5 40. Kxg4 e3 41. Re1 e2 42. Bh3 Kf6 43. Rf2 Rxb2 44. Rxf3+ Ke7 45. Rd3 Kd6 46. Bg2 Rc2 47. Bf3 b5 48. Kg3 Re7 49. Kf2 a5 50. Rxe2 Rexe2+ 51. Bxe2 b4 52. axb4 axb4 53. Ke3 Rb2 54. Bf3 Rb1 55. Kd4 Rb2 56. Kc4 Rb1 57. Rb3 Rc1+ 58. Kxb4 Rc7 59. Rc3 Rb7+ 60. Kc4 Ra7 61. Kd4 Ra4+ 62. Rc4 Ra3 63. Bg4 Ra6 64. Rb4 Ra2 65. Rb6+ Kc7 66. Rc6+ Kb7 67. Rc4 1-0

[Event "MNT-ch 75th"]
[Site "Podgorica"]
[Date "2023.02.10"]
[Round "6"]
[White "Pobor, Danilo"]
[Black "Lakusic, Zoran"]
[Result "1-0"]
[WhiteElo "2034"]
[BlackElo "1619"]
[PlyCount "111"]
[EventDate "2023.02.05"]
[EventType "swiss"]
[EventRounds "9"]
[EventCountry "MNE"]
[SourceTitle "CBM 212 Extra"]
[Source "ChessBase"]
[SourceDate "2023.03.31"]
[SourceVersion "1"]
[SourceVersionDate "2023.03.31"]
[SourceQuality "1"]

1. d4 Nf6 2. Nf3 e6 3. Bf4 Bb4+ 4. c3 Bd6 5. Bxd6 cxd6 6. Nbd2 d5 7. e3 0-0 8. Bd3 Qb6 9. Qc2 g6 10. h4 Kg7 11. h5 Nc6 12. hxg6 hxg6 13. Nh4 Ne7 14. 0-0-0 d6 15. Rdg1 Ng4 16. Nf1 Bd7 17. f3 Nf6 18. g4 Bb5 19. Rh2 Bxd3 20. Qxd3 Rh8 21. Rgh1 Qa5 22. Kb1 b5 23. Ng2 Rxh2 24. Rxh2 b4 25. Ne1 Rb8 26. cxb4 Qxb4 27. Qd2 Qxd2 28. Nxd2 e5 29. b3 e4 30. g5 Nh5 31. fxe4 dxe4 32. Nxe4 Nf5 33. Nc2 Re8 34. Nc3 Nhg3 35. Nd5 Ne4 36. Kb2 Nxg5 37. b4 Ne7 38. Nxe7 Rxe7 39. Kb3 d5 40. b5 Ne6 41. a4 f5 42. Nb4 Nc7 43. Nc6 Rxe3+ 44. Kb4 f4 45. Kc5 g5 46. Ne5 Ra3 47. Kd6 Ne8+ 48. Kxd5 Nf6+ 49. Ke6 Rxa4 50. d5 Rb4 51. Ra2 Nxd5 52. Rxa7+ Kh6 53. Kxd5 Rxb5+ 54. Ke4 Rb3 55. Kf5 Rg3 56. Ng4+ 1-0

[Event "MNT-ch 75th"]
[Site "Podgorica"]
[Date "2023.02.09"]
[Round "5"]
[White "Pikula, Rodoljub"]
[Black "Pobor, Danilo"]
[Result "1-0"]
[WhiteElo "1985"]
[BlackElo "2034"]
[PlyCount "74"]
[EventDate "2023.02.05"]
[EventType "swiss"]
[EventRounds "9"]
[EventCountry "MNE"]
[SourceTitle "CBM 212 Extra"]
[Source "ChessBase"]
[SourceDate "2023.03.31"]
[SourceVersion "1"]
[SourceVersionDate "2023.03.31"]
[SourceQuality "1"]

1. d4 d5 2. c4 e5 3. dxe5 d4 4. Nf3 Nc6 5. a3 Bg4 6. Nbd2 Qe7 7. Qb3 0-0-0 8. e4 Nxe5 9. Nxe5 Qxe5 10. Bd3 f5 11. 0-0 f4 12. f3 Be6 13. Qa4 Kb8 14. b4 g5 15. c5 Nf6 16. Bb2 g4 17. Kf2 g3+ 18. Ke1 gxh2 19. Qc2 Qh5 20. Rh1 Qh4+ 21. Kd1 Rg8 22. Nf1 Bb3 23. Qxb3 Rxg2 24. Rxh2 Rxh2 25. Nxh2 Qxh2 26. Bf1 Qf2 27. Bc4 d3 28. Bxd3 Qxf3+ 29. Kc2 Nxe4 30. Re1 Ng3 31. Bf6 Qf2+ 32. Kd1 Rc8 33. Qe6 f3 34. c6 bxc6 35. Ba6 Rd8+ 36. Bxd8 Qd4+ 37. Kc2 Qxd8 1-0

[Event "MNT-ch 74th"]
[Site "Podgorica"]
[Date "2022.02.23"]
[Round "5"]
[White "Koljevic, Nikolina"]
[Black "Pobor, Danilo"]
[Result "1-0"]
[WhiteElo "1967"]
[BlackElo "2082"]
[PlyCount "103"]
[EventDate "2022.02.19"]
[EventType "swiss"]
[EventRounds "9"]
[EventCountry "MNE"]
[SourceTitle "EXT 2023"]
[Source "ChessBase"]
[SourceDate "2022.10.05"]
[SourceVersion "1"]
[SourceVersionDate "2022.10.05"]
[SourceQuality "1"]

1. e4 d5 2. exd5 Qxd5 3. Nc3 Qa5 4. d4 c6 5. Nf3 Nf6 6. Bf4 Bg4 7. h3 Bh5 8. g4 Bg6 9. Bg2 Nbd7 10. 0-0 e6 11. Qe2 Be7 12. Bg3 Nb6 13. Ne5 Qb4 14. Rfd1 Qxb2 15. Nxg6 hxg6 16. Qd3 Rc8 17. a3 Nfd5 18. Ne2 Qb5 19. Rab1 Qxd3 20. Rxd3 Rd8 21. Rdb3 0-0 22. Rc1 Rd7 23. c4 Nf6 24. a4 Nc8 25. Rcb1 c5 26. Bxb7 Nb6 27. Bc6 Rdd8 28. Bc7 Rc8 29. Bxb6 axb6 30. d5 exd5 31. cxd5 Bd8 32. Nc3 Ne8 33. Nb5 f6 34. Re3 Nc7 35. Nd6 Rb8 36. Nb7 Na6 37. Rb5 Nb4 38. Nxc5 Nc2 39. Rd3 Rf7 40. Nd7 Rc8 41. Rb2 Ne1 42. Re3 Re7 43. Rxe7 Bxe7 44. Re2 Nf3+ 45. Kg2 Nh4+ 46. Kf1 Bd8 47. Re8+ Kf7 48. Rh8 g5 49. Nxb6 Rxc6 50. dxc6 Bxb6 51. Rb8 Ba5 52. c7 1-0

[Event "Podgorica Buducnost op"]
[Site "Podgorica"]
[Date "2021.11.21"]
[Round "5"]
[White "Popovic, Mateja"]
[Black "Pobor, Danilo"]
[Result "0-1"]
[WhiteElo "1723"]
[BlackElo "2074"]
[PlyCount "56"]
[EventDate "2021.11.19"]
[EventType "swiss"]
[EventRounds "5"]
[EventCountry "MNE"]
[SourceTitle "CBM 205 Extra"]
[Source "ChessBase"]
[SourceDate "2022.01.31"]
[SourceVersion "1"]
[SourceVersionDate "2022.01.31"]
[SourceQuality "1"]

1. d4 e5 2. dxe5 Nc6 3. Nf3 Qe7 4. Nc3 Nxe5 5. e4 c6 6. Be2 d6 7. Bf4 Nf6 8. Qd2 Bg4 9. Bxe5 dxe5 10. 0-0-0 Bxf3 11. Bxf3 Qe6 12. Kb1 Be7 13. h3 0-0 14. g4 Rfd8 15. Qe3 Nd7 16. g5 Bc5 17. Qe2 Bd4 18. Bg4 Qe7 19. Bxd7 Rxd7 20. Rd3 Qxg5 21. Rg3 Qf6 22. Rhg1 g6 23. Qg4 Rad8 24. Rf3 Qe7 25. a3 Qc5 26. Nd1 Qc4 27. c3 Bc5 28. Kc1 Qe2 0-1

[Event "Budva GM Mix"]
[Site "Budva"]
[Date "2021.05.16"]
[Round "8"]
[White "Dizdarevic, Emir"]
[Black "Pobor, Danilo"]
[Result "1-0"]
[WhiteElo "2436"]
[BlackElo "2067"]
[PlyCount "83"]
[EventDate "2021.05.11"]
[EventType "swiss"]
[EventRounds "9"]
[EventCountry "MNE"]
[SourceTitle "CBM 202 Extra"]
[Source "ChessBase"]
[SourceDate "2021.07.31"]
[SourceVersion "1"]
[SourceVersionDate "2021.07.31"]
[SourceQuality "1"]

1. Nf3 d5 2. e3 Nf6 3. c4 e6 4. b3 c5 5. cxd5 exd5 6. Bb2 Nc6 7. Be2 Be7 8. 0-0 0-0 9. d4 cxd4 10. Nxd4 Nxd4 11. Qxd4 b6 12. Rd1 Bb7 13. Nc3 Bc5 14. Qf4 Qe7 15. Rac1 Bd6 16. Qd4 Bc5 17. Qh4 Ba3 18. Bxa3 Qxa3 19. Qa4 Qb2 20. b4 Ne4 21. Nxe4 dxe4 22. Rc2 Qf6 23. Rc7 Bc8 24. b5 Be6 25. Rxa7 Rxa7 26. Qxa7 Qb2 27. Bf1 Bg4 28. Rd4 Qc1 29. Rc4 Qe1 30. Qc7 Ra8 31. h3 Be6 32. Rd4 h6 33. a4 Kh7 34. Qd6 Rc8 35. Rd1 Qa5 36. Qd4 Bf5 37. g4 Bg6 38. Bg2 Rc2 39. Bxe4 Ra2 40. Bxg6+ fxg6 41. Qe5 Qxa4 42. Rd7 1-0

[Event "Budva GM Mix"]
[Site "Budva"]
[Date "2021.05.14"]
[Round "6"]
[White "Pobor, Danilo"]
[Black "Vujovic, Savo"]
[Result "1/2-1/2"]
[WhiteElo "2067"]
[BlackElo "2167"]
[PlyCount "21"]
[EventDate "2021.05.11"]
[EventType "swiss"]
[EventRounds "9"]
[EventCountry "MNE"]
[SourceTitle "CBM 202 Extra"]
[Source "ChessBase"]
[SourceDate "2021.07.31"]
[SourceVersion "1"]
[SourceVersionDate "2021.07.31"]
[SourceQuality "1"]

1. e4 c6 2. d4 d5 3. exd5 cxd5 4. Bf4 Nc6 5. c3 Nf6 6. Nd2 e6 7. Bb5 Bd6 8. Bxd6 Qxd6 9. Ngf3 0-0 10. 0-0 a6 11. Bd3 1/2-1/2

[Event "Budva GM Mix"]
[Site "Budva"]
[Date "2021.05.11"]
[Round "1"]
[White "Nikcevic, Nebojsa"]
[Black "Pobor, Danilo"]
[Result "1-0"]
[WhiteElo "2389"]
[BlackElo "2067"]
[PlyCount "81"]
[EventDate "2021.05.11"]
[EventType "swiss"]
[EventRounds "9"]
[EventCountry "MNE"]
[SourceTitle "CBM 202 Extra"]
[Source "ChessBase"]
[SourceDate "2021.07.31"]
[SourceVersion "1"]
[SourceVersionDate "2021.07.31"]
[SourceQuality "1"]

1. c4 e6 2. Nf3 d5 3. d4 c6 4. Nbd2 f5 5. g3 Nf6 6. Bg2 Bd6 7. 0-0 0-0 8. Qc2 Nbd7 9. b3 a5 10. Bb2 Qe7 11. Ne5 Bxe5 12. dxe5 Ne4 13. Nxe4 dxe4 14. Rad1 a4 15. Rd6 axb3 16. axb3 c5 17. f3 exf3 18. exf3 f4 19. Rfd1 fxg3 20. hxg3 Qg5 21. Rxd7 Bxd7 22. Rxd7 Qxg3 23. Qf2 Qg6 24. Bc3 b6 25. f4 Rad8 26. Rd6 Qb1+ 27. Bf1 Qf5 28. Qg3 Ra8 29. Bh3 Qb1+ 30. Kh2 Ra2+ 31. Bd2 Re8 32. Qd3 Qe1 33. Bxe6+ Kh8 34. Bh3 h5 35. Bg2 Qh4+ 36. Qh3 Qxh3+ 37. Kxh3 g5 38. fxg5 Rb2 39. Rd3 Kg8 40. Bd5+ Kh7 41. Bf7 1-0

[Event "MNT-chT"]
[Site "Podgorica"]
[Date "2020.10.11"]
[Round "4.5"]
[White "Pobor, Danilo"]
[Black "Kisic, Bozidar"]
[Result "1-0"]
[WhiteElo "2034"]
[BlackElo "2252"]
[PlyCount "111"]
[EventDate "2020.10.09"]
[EventType "team-tourn"]
[EventRounds "9"]
[EventCountry "MNE"]
[SourceTitle "CBM 198 Extra"]
[Source "ChessBase"]
[SourceDate "2020.11.30"]
[SourceVersion "1"]
[SourceVersionDate "2020.11.30"]
[SourceQuality "1"]
[WhiteTeam "Crnogorac"]
[BlackTeam "Elektroprivreda"]
[WhiteTeamCountry "MNE"]
[BlackTeamCountry "MNE"]

1. d4 d5 2. Bf4 Nf6 3. Nf3 g6 4. h3 Bg7 5. e3 0-0 6. Bd3 c5 7. c3 Nc6 8. Nbd2 b6 9. Ne5 Nxe5 10. Bxe5 Bb7 11. 0-0 Qd7 12. a4 a6 13. b4 Rfc8 14. a5 c4 15. Bc2 b5 16. f3 Ne8 17. Bxg7 Kxg7 18. Qe2 Nc7 19. Rad1 Re8 20. f4 Rf8 21. f5 Ne8 22. e4 dxe4 23. Bxe4 Nf6 24. Rde1 Rae8 25. Bxb7 Qxb7 26. Qe5 Qb8 27. Qc5 Qg3 28. fxg6 hxg6 29. Rxe7 Rxe7 30. Qxe7 Nd5 31. Qb7 Qxc3 32. Qxd5 Qxd2 33. Qe5+ Kg8 34. Qc5 Rd8 35. Rxf7 Qxd4+ 36. Qxd4 Rxd4 37. Rc7 Rd2 38. Rc6 Kf7 39. Rxa6 Rb2 40. Rb6 Rxb4 41. a6 c3 42. a7 c2 43. Rc6 Rc4 44. Rxc4 bxc4 45. a8Q c1Q+ 46. Kf2 Qd2+ 47. Kf3 Qd3+ 48. Kf4 c3 49. Qa7+ Kf6 50. Qb6+ Kg7 51. Qc7+ Kh6 52. Qe7 Qd4+ 53. Kf3 c2 54. Qf8+ Kg5 55. h4+ Kxh4 56. Qh6# 1-0

[Event "EU-ch U18"]
[Site "Bratislava"]
[Date "2019.08.08"]
[Round "7"]
[White "Ciorgovean, Iustin"]
[Black "Pobor, Danilo"]
[Result "1-0"]
[WhiteElo "2330"]
[BlackElo "2130"]
[PlyCount "45"]
[EventDate "2019.08.02"]
[EventType "swiss"]
[EventRounds "9"]
[EventCountry "SVK"]
[SourceTitle "CBM 191 Extra"]
[Source "ChessBase"]
[SourceDate "2019.09.30"]
[SourceVersion "1"]
[SourceVersionDate "2019.09.30"]
[SourceQuality "1"]

1. d4 d5 2. c4 e6 3. Nc3 c6 4. e4 dxe4 5. Nxe4 Bb4+ 6. Bd2 Qxd4 7. Bxb4 Qxe4+ 8. Be2 Nd7 9. Qd6 a5 10. Bc3 Ne7 11. Nf3 Nf5 12. Qd2 0-0 13. 0-0 Nh4 14. Nxh4 Qxh4 15. Bxa5 b6 16. Bc3 Nf6 17. g3 Qe4 18. Rae1 Bb7 19. Bd3 Qf3 20. Re3 Qh5 21. Re5 Qh3 22. Rg5 c5 23. Rxg7+ 1-0

[Event "MNT-ch U20"]
[Site "Pljevlja"]
[Date "2019.06.30"]
[Round "3"]
[White "Pobor, Danilo"]
[Black "Sukovic, Andrej"]
[Result "1-0"]
[WhiteElo "2040"]
[BlackElo "2219"]
[PlyCount "119"]
[EventDate "2019.06.29"]
[EventType "swiss"]
[EventRounds "7"]
[EventCountry "MNE"]
[SourceTitle "EXT 2020"]
[Source "ChessBase"]
[SourceDate "2019.10.17"]
[SourceVersion "1"]
[SourceVersionDate "2019.10.17"]
[SourceQuality "1"]

1. d4 Nf6 2. Nf3 g6 3. c4 Bg7 4. Nc3 0-0 5. e4 d6 6. Be2 Bg4 7. 0-0 Nfd7 8. h3 Bxf3 9. Bxf3 Nc6 10. Be3 e5 11. d5 Nd4 12. Nb5 Nxf3+ 13. Qxf3 f5 14. b4 Kh8 15. Rac1 a6 16. Nc3 Qe8 17. Qd1 f4 18. Bd2 g5 19. f3 h5 20. Na4 Nf6 21. c5 g4 22. hxg4 hxg4 23. Kf2 Rf7 24. Rh1+ Kg8 25. cxd6 cxd6 26. Nb6 Rd8 27. a4 Re7 28. Qc2 Qg6 29. Rhg1 Bh6 30. Nc8 Rg7 31. b5 axb5 32. Ba5 Rdd7 33. axb5 Kh7 34. Nb6 Rd8 35. Nc4 Rdg8 36. Qd1 Qg5 37. Nxd6 Qh4+ 38. Kf1 gxf3 39. Qxf3 Rg3 40. Rc7+ R8g7 41. Rxg7+ Bxg7 42. Qe2 Ng4 43. Nf5 Qh2 44. Nxg3 Qxg3 45. Rh1+ Nh6 46. Qf3 Qg6 47. Bb4 Qb6 48. Qd3 Kg8 49. d6 Nf7 50. Qc4 Qa7 51. Qc8+ Bf8 52. Qg4+ Bg7 53. d7 Qa1+ 54. Be1 Qd4 55. Qf5 Qd3+ 56. Kg1 Qd1 57. Kh2 Nh6 58. Qe6+ Nf7 59. Bh4 Qh5 60. d8Q+ 1-0

[Event "MNT-ch U20"]
[Site "Pljevlja"]
[Date "2019.06.30"]
[Round "2"]
[White "Vujovic, Savo"]
[Black "Pobor, Danilo"]
[Result "1/2-1/2"]
[WhiteElo "2093"]
[BlackElo "2040"]
[PlyCount "95"]
[EventDate "2019.06.29"]
[EventType "swiss"]
[EventRounds "7"]
[EventCountry "MNE"]
[SourceTitle "EXT 2020"]
[Source "ChessBase"]
[SourceDate "2019.10.17"]
[SourceVersion "1"]
[SourceVersionDate "2019.10.17"]
[SourceQuality "1"]

1. e4 e6 2. d4 d5 3. Nd2 c5 4. exd5 Qxd5 5. Ngf3 Nf6 6. Bc4 Qd7 7. 0-0 cxd4 8. Nb3 Be7 9. Nbxd4 a6 10. Bf4 Nc6 11. Nxc6 Qxc6 12. Be2 b5 13. Ne5 Qb6 14. Bf3 Bb7 15. Bxb7 Qxb7 16. c4 0-0 17. Rc1 bxc4 18. Nxc4 Rad8 19. Qe2 Nd5 20. Bg3 Bf6 21. Be5 Bxe5 22. Qxe5 Nb4 23. Qa5 Rd5 24. Qb6 Qxb6 25. Nxb6 Rb5 26. Nd7 Rd8 27. a3 Nd3 28. Rc6 h5 29. Rd6 Rd5 30. Rxd5 exd5 31. Rd1 Rxd7 32. Rxd3 Kf8 33. Kf1 Ke7 34. Ke2 Kd6 35. Rc3 a5 36. b4 axb4 37. axb4 Rb7 38. Rb3 Ra7 39. Ke3 g5 40. Kd4 f5 41. b5 Ra4+ 42. Kd3 Kc7 43. b6+ Kb7 44. Rb5 Ra2 45. f3 Rxg2 46. Rxd5 Rxh2 47. Rxf5 Rg2 48. f4 1/2-1/2